000 00932nam a22002297a 4500
005 20240530110840.0
008 200912s2020 ua a g b 000 0dara d
017 _a2019/11553
_bمصر. دار الكتب
020 _a9789773224165
040 _aEG-CaGPL
_cEG-CaGPL
082 0 4 _221
_a939.4/
_bد ف
100 1 _aدينتان ، روبرتس
245 0 2 _aفكرة التاريخ فى الشرق الادنى القديم
_cتحرير روبرتس دينتان؛ ترجمة وتقديم قاسم عبده قاسم
250 _aط.1
260 _aالقاهرة :
_bعين للدراسات و البحوث الانسانية و الاجتماعية،
_c2020
300 _a205 ص. ؛
_c24 سم.
650 0 7 _2qrmak
651 0 7 _2qrmak
_aالشرق الاوسط
_xتاريخ قديم
700 0 _aقاسم عبده قاسم
_eمترجم ومقدم
942 _2ddc
_cBK
999 _c65732
_d65732